SCM - Rozvoj dodavatelských řetězců

Základné princípy fungovania dodávateľských reťazcov. Spolupráca medzi zákazníkmi a dodávateľmi založená na pozitívnom rozvoji vzťahov. Kroky vhodné pre nastavenie vzájomne prospešných dodávateľských vzťahov.

Salvato in:
Dettagli Bibliografici
Autore principale: Trčka, Milan
Natura: Capitolo di libro
Lingua:ceco
Soggetti:
Tags: Aggiungi Tag
Nessun Tag, puoi essere il primo ad aggiungerne!!

MARC

LEADER 00000naa a2200000 4500
001 0128439
005 20231012071806.9
041 0 |a cze 
044 |a SK 
245 1 0 |a SCM - Rozvoj dodavatelských řetězců  |c Milan Trčka 
520 |a Základné princípy fungovania dodávateľských reťazcov. Spolupráca medzi zákazníkmi a dodávateľmi založená na pozitívnom rozvoji vzťahov. Kroky vhodné pre nastavenie vzájomne prospešných dodávateľských vzťahov. 
610 2 0 |a manažment 
610 2 0 |a systém riadenia kvality 
610 2 0 |a hospodárenie s materiálom 
610 2 0 |a znižovanie nákladov 
610 2 0 |a riadenie reťazcov dodávateľských 
610 2 0 |a správanie organizačné 
610 2 0 |a výkonnosť 
100 1 |a Trčka, Milan